MARC details
| 000 -LEADER |
| fixed length control field |
03928cam a2200469 i 4500 |
| 001 - CONTROL NUMBER |
| control field |
19618519 |
| 003 - CONTROL NUMBER IDENTIFIER |
| control field |
CSPC |
| 005 - DATE AND TIME OF LATEST TRANSACTION |
| control field |
20260122171608.0 |
| 008 - FIXED-LENGTH DATA ELEMENTS--GENERAL INFORMATION |
| fixed length control field |
170502s2016 nyua b 000 0 eng |
| 010 ## - LIBRARY OF CONGRESS CONTROL NUMBER |
| LC control number |
2017005811 |
| 020 ## - INTERNATIONAL STANDARD BOOK NUMBER |
| International Standard Book Number |
9780143130727 |
| 035 ## - SYSTEM CONTROL NUMBER |
| System control number |
19618519 |
| 040 ## - CATALOGING SOURCE |
| Modifying agency |
DLC |
| Original cataloging agency |
DLC |
| Language of cataloging |
eng |
| Transcribing agency |
CSPC |
| Description conventions |
rda |
| Modifying agency |
DLC |
| -- |
CSPC |
| 041 1# - LANGUAGE CODE |
| Language code of text/sound track or separate title |
eng |
| Language code of original |
spa |
| 042 ## - AUTHENTICATION CODE |
| Authentication code |
pcc |
| 043 ## - GEOGRAPHIC AREA CODE |
| Geographic area code |
a-ja--- |
| 050 00 - LIBRARY OF CONGRESS CALL NUMBER |
| Classification number |
RA776.75 |
| Item number |
.G3713 2016 |
| 082 00 - DEWEY DECIMAL CLASSIFICATION NUMBER |
| Classification number |
613 |
| Item number |
G165i |
| Edition number |
23 |
| 100 1# - MAIN ENTRY--PERSONAL NAME |
| Personal name |
García, Héctor, |
| Dates associated with a name |
1981- |
| Relator term |
author. |
| 240 10 - UNIFORM TITLE |
| Uniform title |
Ikigai. |
| Language of a work |
English |
| 245 10 - TITLE STATEMENT |
| Title |
Ikigai : |
| Remainder of title |
the Japanese secret to a long and happy life / |
| Statement of responsibility, etc. |
Héctor García and Francesc Miralles ; translated by Heather Cleary. |
| 264 #1 - PRODUCTION, PUBLICATION, DISTRIBUTION, MANUFACTURE, AND COPYRIGHT NOTICE |
| Place of production, publication, distribution, manufacture |
New York : |
| Name of producer, publisher, distributor, manufacturer |
Penguin Books, |
| Date of production, publication, distribution, manufacture, or copyright notice |
2016 |
| 300 ## - PHYSICAL DESCRIPTION |
| Extent |
194 pages : |
| Other physical details |
illustrations ; |
| Dimensions |
19 cm. |
| 336 ## - CONTENT TYPE |
| Content type term |
text |
| Content type code |
txt |
| Source |
rdacontent |
| 337 ## - MEDIA TYPE |
| Media type term |
unmediated |
| Media type code |
n |
| Source |
rdamedia |
| 338 ## - CARRIER TYPE |
| Carrier type term |
volume |
| Carrier type code |
nc |
| Source |
rdacarrier |
| 500 ## - GENERAL NOTE |
| General note |
"Originally published in Spanish as Ikigai: Los secretos de Japón para una vida larga y feliz by Ediciones Urano in 2016." |
| 504 ## - BIBLIOGRAPHY, ETC. NOTE |
| Bibliography, etc. note |
Includes bibliographical references. |
| 505 0# - FORMATTED CONTENTS NOTE |
| Formatted contents note |
Ikigai: a mysterious word -- Ikigai -- The art of staying young while growing old -- Antiaging secrets -- Little things that add up to a long and happy life -- From logotheraphy to ikigai -- How to live longer and better by finding your purpose -- Find flow in everything you do -- How to turn work and free time into spaces for growth -- Masters of longevity -- Words of wisdom from the longest0living people in the world -- Lessons from Japan's centenarians -- Traditions and proverbs for happiness and longevity -- The ikigai diet -- What the world's longest-living people eat and drink -- Gentle movements, longer life -- Exercises from the East that promote health and longevity -- Resilience and wabi-sabi -- How to face life's challenges without letting stress and worry age you -- Epilogue -- Ikigai: the art of living. |
| 520 ## - SUMMARY, ETC. |
| Summary, etc. |
"According to the Japanese, everyone has an ikigai—a reason for living. And according to the residents of the Japanese village with the world’s longest-living people, finding it is the key to a happier and longer life. Having a strong sense of ikigai—where what you love, what you’re good at, what you can get paid for, and what the world needs all overlap—means that each day is infused with meaning. It’s the reason we get up in the morning. It’s also the reason many Japanese never really retire (in fact there’s no word in Japanese that means retire in the sense it does in English): They remain active and work at what they enjoy, because they’ve found a real purpose in life—the happiness of always being busy.<br/>In researching this book, the authors interviewed the residents of the Japanese village with the highest percentage of 100-year-olds—one of the world’s Blue Zones. Ikigai reveals the secrets to their longevity and happiness: how they eat, how they move, how they work, how they foster collaboration and community, and—their best-kept secret—how they find the ikigai that brings satisfaction to their lives. And it provides practical tools to help you discover your own ikigai. Because who doesn’t want to find happiness in every day?" -- Amazon |
| 650 #0 - SUBJECT ADDED ENTRY--TOPICAL TERM |
| Topical term or geographic name entry element |
Longevity |
| Geographic subdivision |
Japan. |
| 650 #0 - SUBJECT ADDED ENTRY--TOPICAL TERM |
| Topical term or geographic name entry element |
Longevity. |
| 650 #0 - SUBJECT ADDED ENTRY--TOPICAL TERM |
| Topical term or geographic name entry element |
Happiness. |
| 650 #0 - SUBJECT ADDED ENTRY--TOPICAL TERM |
| Topical term or geographic name entry element |
Quality of life. |
| 700 1# - ADDED ENTRY--PERSONAL NAME |
| Personal name |
Miralles, Francesc, |
| Dates associated with a name |
1968- |
| Relator term |
author. |
| 700 1# - ADDED ENTRY--PERSONAL NAME |
| Personal name |
Cleary, Heather, |
| Relator term |
translator. |
| 776 08 - ADDITIONAL PHYSICAL FORM ENTRY |
| Relationship information |
Online version: |
| Main entry heading |
García, Héctor, 1981- author. |
| Title |
Ikigai |
| Place, publisher, and date of publication |
New York : Penguin Books, [2017] |
| International Standard Book Number |
9781524704551 |
| Record control number |
(DLC) 2017022599 |
| 906 ## - LOCAL DATA ELEMENT F, LDF (RLIN) |
| a |
7 |
| b |
cbc |
| c |
orignew |
| d |
1 |
| e |
ecip |
| f |
20 |
| g |
y-gencatlg |
| 942 ## - ADDED ENTRY ELEMENTS (KOHA) |
| Source of classification or shelving scheme |
Dewey Decimal Classification |
| Koha item type |
Books |
| Classification part |
613 |
| Item part |
G165i |
| Call number prefix |
CIR |
| Call number suffix |
2016 |
| Suppress in OPAC |
No |
| Edition |
23 |